00942nam a2200253 a 4500001001300000003000900013005001700022008004100039020001000080082001300090100001900103245007300122260003000195300000900225500003500234505001000269505015700279700001900436902000800455942000700463952010700470952009600577999001500673nice12345678IN_TiNIC20260116011615.0050524s1895 lona grp 000 0 eng  ac10000a201bBIR aBirks, Herbert aLife and Correspondence of Thomas Valpy French, 1st Bishop of Lahore aLondonbJohn Murrayc1895 a407p aincludes index and biblioraphy2 aIndex2 aIndex00gV1.tLife and Correspondence of Thomas Valpy French, 1st Bishop of Lahore.--gV2.tLife and Correspondence of Thomas Valpy French, 1st Bishop o1 aBirks, Herbert bSRS cBK 00104070aHMIbHMId2019-08-01g100.00l1o201 BIR C1p3238r2023-03-14s2023-03-14w2026-01-16yBK 00104070aHMIbHMId2019-08-01g100.00l0o201 BIR C.2p3239r0000-00-00w2026-01-16yBK c2854d2854